wszyscy wygrani fa cup od 1946 roku - Statystyki

Ogólne statystyki
  • Ten quiz został rozwiązany 37 razy
  • Średni wynik to 56 z 79
Statystyki odpowiedzi
rok klub % Poprawnych
1965 liverpool
100%
1974 liverpool
100%
1986 liverpool
100%
1989 liverpool
100%
1992 liverpool
100%
2001 liverpool
100%
2006 liverpool
100%
2022 liverpool
100%
1956 manchester city
100%
1969 manchester city
100%
2011 manchester city
100%
2019 manchester city
100%
2023 manchester city
100%
1948 manchester united
97%
1963 manchester united
97%
1977 manchester united
97%
1983 manchester united
97%
1985 manchester united
97%
1994 manchester united
97%
1996 manchester united
97%
1999 manchester united
97%
2004 manchester united
97%
2016 manchester united
97%
1970 chelsea
94%
1997 chelsea
94%
2000 chelsea
94%
2007 chelsea
94%
2009 chelsea
94%
2010 chelsea
94%
2012 chelsea
94%
2018 chelsea
94%
1950 arsenal
91%
1971 arsenal
91%
1979 arsenal
91%
1993 arsenal
91%
1998 arsenal
91%
2002 arsenal
91%
2003 arsenal
91%
2005 arsenal
91%
2014 arsenal
91%
2015 arsenal
91%
2017 arsenal
91%
2020 arsenal
91%
1961 tottenham
88%
1962 tottenham
88%
1981 tottenham
88%
1982 tottenham
88%
1991 tottenham
88%
1957 aston villa
72%
1951 newcastle
69%
1952 newcastle
69%
1955 newcastle
69%
1966 everton
53%
1984 everton
53%
1995 everton
53%
1964 west ham
53%
1975 west ham
53%
1980 west ham
53%
2021 leicester city
50%
1973 sunderland
38%
1972 leeds united
34%
2008 portsmouth
31%
1954 west bromwich
31%
1968 west bromwich
31%
2013 wigan
31%
1949 wolves
31%
1960 wolves
31%
1958 bolton
25%
1978 ipswich town
25%
1987 coventry
13%
1953 blackpool
9%
1947 charlton athletic
9%
1967 totenham
9%
1959 forest
6%
1990 machester united
3%
2024 manchestr united
3%
1946 derby couty
0%
1976 sothampton
0%
1988 wimbledon (mk dons)
0%
Nie znaleziono quizów pasujących do podanych kryteriów
Rozkład punktacji
Procent ludzi z każdym wynikiem
Percentyl według liczby udzielonych odpowiedzi
Twoja historia wyników
Nie rozwiązałeś tego quizu